00200 a2200073 4500020001800000082001500018100004800033245004500081 a9780195988345 aST 657 KEW aJacqui Kew, Alex Watson and Riley Carpenter aFinancial accounting : the question book